Países por mapa de tripuntos #3 - Estadísticas

Estadísticas generales
  • Esta prueba ha sido intentada 133 veces
  • La puntuación promedio es 23 de 27
Estadísticas de respuestas
Imagen Respuesta % Correcto
Egipto
99%
Libia
98%
Sudán
98%
Brasil
95%
China
95%
Guyana
95%
Rusia
94%
Venezuela
94%
Corea del Norte
93%
Malí
93%
Argelia
92%
Mauritania
92%
Grecia
90%
Albania
89%
Bosnia y Herzegovina
89%
Croacia
89%
Macedonia del Norte
89%
Montenegro
87%
Irán
74%
Afganistán
72%
Pakistán
71%
Malaui
69%
Tanzania
68%
Mozambique
66%
Uzbekistán
58%
Turkmenistán
57%
Kazajistán
56%
No se encontraron pruebas coincidentes
Distribución de puntuación
Porcentaje de gente con cada puntuación
Porcentaje por número respondido
Historial de tus puntuaciones
No has intentado esta prueba.